书目信息 |
| 题名: |
科技兴路:浦东新区市政工程科技论文选
|
|
| 作者: | 田赛男 主编 | |
| 分册: | ||
| 出版信息: | 上海 同济大学出版社 1998.11 |
|
| 页数: | 313页 | |
| 开本: | 16开 | |
| 丛书名: | ||
| 单 册: | ||
| 中图分类: | U412.37-53 | |
| 科图分类: | ||
| 主题词: | 道路工程 | |
| 电子资源: | ||
| ISBN: | 7-5608-1940-0 | |
| 000 | 00620nam0 2200193 45 | |
| 001 | 0007160612 | |
| 005 | 20001113182727.0 | |
| 010 | @a7-5608-1940-0@d35.00元 | |
| 100 | @a20000716d1998 km y0chiy0120 ea | |
| 101 | 0 | @achi |
| 105 | @a z 000yy | |
| 200 | 1 | @a科技兴路:浦东新区市政工程科技论文选@AKe Ji Xing Lu:Pu Dong Xin Qu Shi Zheng Gong Cheng KeJi Lun Wen Xuan@f田赛男主编@FTian Sai Nan Zhu Bian |
| 210 | @a上海@c同济大学出版社@d1998.11 | |
| 215 | @a313页@d16开 | |
| 606 | 0 | @a道路工程 |
| 690 | @aU412.37-53@v3 | |
| 701 | 0 | @a田赛男@4主编 |
| 801 | @aCN@bPftUser@c20000716 | |
| 905 | @dU412.37-53@eT555@b403614-618@f5 | |
| 科技兴路:浦东新区市政工程科技论文选/田赛男主编.-上海:同济大学出版社,1998.11 |
| 313页;16开 |
| ISBN 7-5608-1940-0:35.00元 |
| ● |
| 相关链接 |
|
|
|
正题名:科技兴路:浦东新区市政工程科技论文选
索取号:U412.37-53/T555
 
预约/预借
| 序号 | 登录号 | 条形码 | 馆藏地/架位号 | 状态 | 备注 |
| 1 | 403614 | 204036140 | 土木与交通工程学院资料室/土木与交通学院资料室 1排1列1层/ [索取号:U412.37-53/T555] | 在馆 | |
| 2 | 403615 | 204036159 | 土木与交通工程学院资料室/土木与交通学院资料室 1排1列1层/ [索取号:U412.37-53/T555] | 在馆 | |
| 3 | 403616 | 204036168 | 土木与交通工程学院资料室/土木与交通学院资料室 1排1列1层/ [索取号:U412.37-53/T555] | 在馆 | |
| 4 | 403617 | 204036177 | 自科二线504/504自科库 39排1列2层/ [索取号:U412.37-53/T555] | 在馆 | |
| 5 | 403618 | 204036186 | 期刊室512/501自科库 51排5列4层/ [索取号:U412.37-53/T555] | 在馆 |